header

In the way (Record no. 84149)

MARC details
000 -LEADER
fixed length control field 01487nam a2200361Ia 4500
082 04 - DEWEY DECIMAL CLASSIFICATION NUMBER
Classification number 305.8
245 00 - TITLE STATEMENT
Title In the way
260 ## - PUBLICATION, DISTRIBUTION, ETC. (IMPRINT)
Place of publication London ;
-- New York :
Name of publisher Zed Books in association with International Development Research Centre, Ottawa ;
Place of publication New York :
Name of publisher Distributed exclusively in the U.S. by Palgrave,
Year of publication 2004.
300 ## - PHYSICAL DESCRIPTION
Number of Pages ix, 362 p.
650 #0 - SUBJECT ADDED ENTRY--TOPICAL TERM
Topical Term Indigenous peoples.
Topical Term Economic development.
Topical Term Human rights.
Topical Term Postcolonialism.
700 1# - ADDED ENTRY--PERSONAL NAME
Personal name Blaser, Mario,
Personal name Feit, Harvey A.
Personal name McRae, Glenn.
856 40 - ELECTRONIC LOCATION AND ACCESS
Uniform Resource Identifier http://site.ebrary.com/lib/rucke/Doc?id=10141233

No items available.

© 2026 Rongo University
Contact us: librarian | system librarian | Rongo university